00776nac a22002051u 4500010001600000020001500016082001800031090001500049100003400064245008000098260005100178300003400229500002600263504006600289511002600355650004800381942002000429999001500449952010600464 a 92009817 a044200148700a338.4791bPON c9560d9560 aPond, Kathleen Lingle. 14aThe professional guide :bdynamics of tour guiding /cKathleen Lingle Pond. aNew York :bVan Nostrand Reinhold,1993cc1993. axiv, 274 p. :bill. ;c24 cm. adistributer: Al-Ahram aIncludes bibliographical references (p. [261]-265) and index. acatalogued by: wessam 0aTour guides (Persons)xVocational guidance. cBBk338.4791PON c9560d9560 00104070aMAINbMAINc1STd2008-05-22ePurchasel0o338.4791PONp000011618r2025-07-15 00:00:00yBB